| 000 | 01212nam a22003857a 4500 | ||
|---|---|---|---|
| 001 | 0029240 | ||
| 003 | KOHA_MİRAKIL | ||
| 005 | 20260207002654.0 | ||
| 007 | ta | ||
| 008 | 110405b2002 tu |||gr||||#||||0|tur | | ||
| 020 |
_a9757988162 _c0,01 |
||
| 040 |
_aTR-BiSEU _btur _cTR-BiSEU _erda |
||
| 041 | 0 | _atur | |
| 044 | _ctu | ||
| 050 |
_aK3585.4 _b.D89 2002 |
||
| 100 | 1 | _aDuman, Bahattin. | |
| 245 | 1 |
_aÇevre hukuku : _btemel kavramlar,çevre hakkı,mevzuat/ _cBahattin Duman ; Bahattin Duman. |
|
| 264 | 1 |
_aSakarya : _bSakarya Üniversitesi _c2002 |
|
| 300 |
_a150 s. ; _c24 sm. |
||
| 336 |
_ametin _btxt _2rdacontent |
||
| 337 |
_aaracısız _bn _2rdamedia |
||
| 338 |
_acilt _bnc _2rdacarrier |
||
| 490 | 0 | _aSakarya Üniversitesi Yayın No : 47. | |
| 500 | _aKaynakça var. | ||
| 650 | 0 |
_aÇevre hukuku. _957896 |
|
| 650 | 0 |
_aEnvironmental law. _957897 |
|
| 650 | 0 |
_aHukuk--Türkiye. _94192 |
|
| 650 | 0 |
_aLaw--Turkey. _94193 |
|
| 650 | 0 |
_aÇevre Politikası. _940808 |
|
| 650 | 0 |
_aEnvironmental policy. _919666 |
|
| 650 | 0 |
_aÇevre hukuku--Türkiye. _953184 |
|
| 650 | 0 |
_aEnvironmental law--Turkeya. _957898 |
|
| 830 | 0 |
_aSakarya Üniversitesi Yayın No : 47. _957899 |
|
| 942 |
_2lcc _cBK |
||
| 999 |
_c29162 _d29162 |
||